000 01620cam a22002054a 4500
005 20250605164221.0
008 250528s ||||||||||||||||||||||||d
035 _a20673
020 _a9605121832
040 _aGR-AtMCL
_bgre
_dGR-AtMCL
_eAACR2
245 1 _aAutoCAD 2000 / Βήμα προς Βήμα: 1η Αμερικάνικη Έκδοση
260 _bΜ. Γκιούρδας,
_c1999
300 _a638
520 _aΤο καλύτερο βιβλίο για να μάθετε την νεότερη έκδοση του AutoCAD, του προγράμματος σχεδίασης που έχει καθιερωθεί παγκοσμίως σαν πρότυπο σε όλους τους τομείς. Εισαγωγή, Γνωριμία με το AutoCAD, Βασικές Εντολές, Στρατηγικές Σχεδίασης, Οργάνωση του Σχεδίου με Επίπεδα, Μπλοκ, Δημιουργία Όψεων, Διαγραμμίσεις και Γεμίσματα, Κείμενο σε Σχέδια, Διαστασιολόγηση Σχεδίων, Εξωτερικές Αναφορές, Διατάξεις για την Εκτύπωση Σχεδίων, Εκτύπωση Σχεδίων από το AutoCAD, Σχεδίαση στις Τρείς Διαστάσεις: Είσαγωγή, Ιδιότητες (Attributes): Εισαγωγή, Δημιουργία Ενός Μπλοκ Τίτλου με Ιδιότητες, Γλωσσάριο, Ευρετήριο.
700 1 _aFrey C. Sherwood
_9967
700 1 _aΓκαγκάτσιου Ε
_96639
942 _cBK
999 _c5759
_d5759